000 00474nam a2200145Ia 4500
008 100204s9999 xx 000 0 und d
082 _b10698
100 _aकुलकर्णी स्नेहसुधा
245 _aउजेडाची झाडे
260 _bनीहारा प्रकाशन पुणे
_c1988
300 _a113
630 _aउजेडाची झाडे
730 _aउजेडाची झाडे
942 _cBOOK
999 _c455134
_d455131